[Event "Belgrade-chT Quality"]
[Site "Belgrade"]
[Date "2022.10.02"]
[Round "2.1"]
[White "Srdanovic, Jovana"]
[Black "Jovanovski, Slobodan"]
[Result "1-0"]
[WhiteElo "2172"]
[BlackElo "2221"]
[PlyCount "59"]
[EventDate "2022.10.01"]
[EventType "team-tourn"]
[EventRounds "11"]
[EventCountry "SRB"]
[SourceTitle "CBM 210 Extra"]
[Source "ChessBase"]
[SourceDate "2022.11.30"]
[SourceVersion "1"]
[SourceVersionDate "2022.11.30"]
[SourceQuality "1"]
[WhiteTeam "Belgrade Belgrade"]
[BlackTeam "Belgrade Banjica"]
[WhiteTeamCountry "SRB"]
[BlackTeamCountry "SRB"]

1. d4 d5 2. c4 dxc4 3. Nf3 Nf6 4. e3 Bg4 5. Bxc4 e6 6. Qb3 Bxf3 7. gxf3 Nbd7 8. Nc3 Be7 9. Rg1 0-0 10. e4 Nb6 11. Bh6 Ne8 12. 0-0-0 Kh8 13. Be3 Nxc4 14. Qxc4 a6 15. Kb1 Nd6 16. Qe2 Nb5 17. Nxb5 axb5 18. Qxb5 c6 19. Qb3 Ra5 20. d5 Rb5 21. Qc3 e5 22. dxc6 Qc8 23. c7 Qe6 24. Rc1 Rc8 25. Rgd1 h6 26. Qc4 Qa6 27. Rd5 Ra5 28. Qxa6 Rxa6 29. Rb5 b6 30. Rxb6 1-0

[Event "Vojvodina-chT 2nd League"]
[Site "Backa Palanka"]
[Date "2020.10.17"]
[Round "2.4"]
[White "Jovanovski, Slobodan"]
[Black "Radulovic, Dragan B"]
[Result "1/2-1/2"]
[WhiteElo "2261"]
[BlackElo "2136"]
[PlyCount "49"]
[EventDate "2020.10.16"]
[EventType "team-tourn"]
[EventRounds "11"]
[EventCountry "SRB"]
[SourceTitle "EXT 2022"]
[Source "ChessBase"]
[SourceDate "2021.10.06"]
[SourceVersion "1"]
[SourceVersionDate "2021.10.06"]
[SourceQuality "1"]
[WhiteTeam "Opovo Bata Cosic"]
[BlackTeam "Vojka Sremac"]
[WhiteTeamCountry "SRB"]
[BlackTeamCountry "SRB"]

1. Nf3 Nf6 2. b3 c5 3. Bb2 e6 4. e3 b6 5. Be2 Bb7 6. 0-0 Be7 7. c4 0-0 8. Nc3 d6 9. d4 cxd4 10. Nxd4 a6 11. Rc1 Nbd7 12. Bf3 Qc7 13. Qe2 Rac8 14. Rfd1 Rfd8 15. h3 Qb8 16. Rd2 Qa8 17. Rcd1 Nc5 18. Bxb7 Qxb7 19. Rc2 d5 20. cxd5 Nxd5 21. Nxd5 Rxd5 22. Nf3 Rcd8 23. Rxd5 Rxd5 24. Bd4 Rd8 25. Ne5 1/2-1/2

[Event "Belgrade Vucicevic Memorial"]
[Site "Belgrade"]
[Date "2016.12.04"]
[Round "3"]
[White "Jovanovski, Slobodan"]
[Black "Bogosavljevic, Boban"]
[Result "0-1"]
[WhiteElo "2422"]
[BlackElo "2618"]
[PlyCount "75"]
[EventDate "2016.12.04"]
[EventType "swiss"]
[EventRounds "15"]
[EventCountry "SRB"]
[SourceTitle "CBM 176 Extra"]
[Source "ChessBase"]
[SourceDate "2017.03.02"]
[SourceVersion "1"]
[SourceVersionDate "2017.03.02"]
[SourceQuality "1"]

1. d4 Nf6 2. Nf3 g6 3. c4 Bg7 4. Nc3 d5 5. Bg5 Ne4 6. cxd5 Nxg5 7. Nxg5 e6 8. Nf3 exd5 9. e3 c6 10. Be2 0-0 11. b4 Be6 12. 0-0 Nd7 13. Qb3 Rc8 14. Na4 b6 15. Rac1 Qe7 16. Rfd1 Rfd8 17. Rd2 c5 18. bxc5 bxc5 19. Qa3 Bf8 20. dxc5 Nxc5 21. Rdc2 Nxa4 22. Qxe7 Rxc2 23. Qxd8 Rxc1+ 24. Bf1 Nc3 25. Nd4 Bf5 26. h4 Bd3 27. Kh2 Rxf1 28. f3 Bc4 29. Qd7 Re1 30. h5 Rxe3 31. hxg6 hxg6 32. Nc6 Re6 33. Nd8 Rf6 34. Qxa7 Ne2 35. Qe3 d4 36. Qe4 Bd6+ 37. Kh3 Ng1+ 38. Kh4 0-1

[Event "Belgrade Spring op"]
[Site "Belgrade"]
[Date "2011.03.27"]
[Round "5"]
[White "Jovanovski, Slobodan"]
[Black "Andrijevic, Milan"]
[Result "1/2-1/2"]
[WhiteElo "2267"]
[BlackElo "2348"]
[PlyCount "64"]
[EventDate "2011.03.23"]
[EventType "swiss"]
[EventRounds "9"]
[EventCountry "SRB"]
[SourceTitle "CBM 141 Extra"]
[Source "ChessBase"]
[SourceDate "2011.05.03"]
[SourceVersion "1"]
[SourceVersionDate "2011.05.03"]
[SourceQuality "1"]

1. d4 d5 2. Nf3 Nf6 3. e3 c5 4. b3 cxd4 5. exd4 Bg4 6. Be2 e6 7. 0-0 Nc6 8. Nbd2 Be7 9. Bb2 0-0 10. a3 Qc7 11. c4 dxc4 12. bxc4 Rfd8 13. Re1 Rac8 14. Rc1 b6 15. Qb3 Qb8 16. Bd3 Na5 17. Qa2 Bh5 18. Qb1 Qd6 19. Ne5 Bg6 20. Nxg6 hxg6 21. Nf3 Nh5 22. g3 Bf6 23. Qa2 Qc6 24. Re3 Qa4 25. Be2 Rc7 26. Bd1 Qd7 27. Be2 Rdc8 28. a4 Nc6 29. Qa1 Na5 30. Qa2 Nc6 31. Qa1 Na5 32. Qa2 Nc6 1/2-1/2

[Event "Belgrade Spring op"]
[Site "Belgrade"]
[Date "2011.03.25"]
[Round "3"]
[White "Vujadinovic, Milan"]
[Black "Jovanovski, Slobodan"]
[Result "1/2-1/2"]
[WhiteElo "2142"]
[BlackElo "2267"]
[PlyCount "75"]
[EventDate "2011.03.23"]
[EventType "swiss"]
[EventRounds "9"]
[EventCountry "SRB"]
[SourceTitle "CBM 141 Extra"]
[Source "ChessBase"]
[SourceDate "2011.05.03"]
[SourceVersion "1"]
[SourceVersionDate "2011.05.03"]
[SourceQuality "1"]

1. d4 Nf6 2. Nf3 g6 3. Bf4 Bg7 4. e3 d6 5. h3 0-0 6. Be2 Nbd7 7. c3 c5 8. 0-0 b6 9. Nbd2 Bb7 10. a4 a6 11. Qb3 Qc7 12. Bc4 e5 13. dxe5 Nxe5 14. Nxe5 dxe5 15. Bh2 Bc6 16. Nf3 Bxf3 17. gxf3 h5 18. Rfd1 Nh7 19. Kg2 a5 20. Rd2 Rad8 21. Rad1 Bf6 22. f4 Rxd2 23. Rxd2 exf4 24. Bxf4 Be5 25. Bh6 Bg7 26. Bf4 Be5 27. Bh6 Re8 28. Qd1 Nf8 29. Bxf8 Rxf8 30. Rd7 Qc6+ 31. Qd5 Qf6 32. f4 Bb8 33. Kf3 Kg7 34. Qg5 Qc6+ 35. Qd5 Qf6 36. Qg5 Qc6+ 37. Qd5 Qf6 38. Qg5 1/2-1/2

[Event "Belgrade Spring op"]
[Site "Belgrade"]
[Date "2011.03.23"]
[Round "1"]
[White "Milanovic, Maja"]
[Black "Jovanovski, Slobodan"]
[Result "0-1"]
[WhiteElo "1868"]
[BlackElo "2267"]
[PlyCount "74"]
[EventDate "2011.03.23"]
[EventType "swiss"]
[EventRounds "9"]
[EventCountry "SRB"]
[SourceTitle "CBM 141 Extra"]
[Source "ChessBase"]
[SourceDate "2011.05.03"]
[SourceVersion "1"]
[SourceVersionDate "2011.05.03"]
[SourceQuality "1"]

1. e4 e6 2. d4 d5 3. Nc3 Bb4 4. Nge2 dxe4 5. a3 Be7 6. Nxe4 Nd7 7. Be3 Ngf6 8. N2c3 b6 9. Be2 Bb7 10. Bf3 c6 11. 0-0 0-0 12. Re1 Qc7 13. g3 Nd5 14. Nxd5 cxd5 15. Bf4 Qc6 16. Nd2 b5 17. Rc1 Qb6 18. c3 a5 19. Nf1 Rfc8 20. h4 Bf8 21. Ne3 b4 22. axb4 axb4 23. c4 dxc4 24. Nxc4 Qa6 25. b3 Nf6 26. Ra1 Qb5 27. Bxb7 Qxb7 28. Be5 Nd5 29. Qd2 Rd8 30. Rec1 Nc3 31. Re1 h6 32. g4 Rxa1 33. Rxa1 Qf3 34. Qe3 Qxg4+ 35. Bg3 Ne2+ 36. Kg2 Qxd4 37. Qxe2 Qxa1 0-1

[Event "Belgrade tt Cup"]
[Site "Belgrade"]
[Date "2007.04.10"]
[Round "2.7"]
[White "Jovanovski, Slobodan"]
[Black "Milicevic, Aleksa"]
[Result "1-0"]
[WhiteElo "2208"]
[BlackElo "2260"]
[PlyCount "91"]
[EventDate "2007.04.09"]
[EventType "tourn"]
[EventRounds "5"]
[EventCountry "YUG"]
[SourceTitle "EXT 2008"]
[Source "ChessBase"]
[SourceDate "2007.11.25"]
[SourceVersion "1"]
[SourceVersionDate "2007.11.25"]
[SourceQuality "1"]

1. e4 c6 2. d4 d5 3. exd5 cxd5 4. Bd3 Nc6 5. c3 Nf6 6. Bf4 Bg4 7. Qb3 Na5 8. Qc2 Nc6 9. Nd2 Rc8 10. Ngf3 Bh5 11. Qb3 Qb6 12. 0-0 e6 13. Rfe1 Be7 14. Ne5 0-0 15. Bg5 Qc7 16. Ndf3 Rfe8 17. a3 a6 18. Qc2 Bg6 19. Nxg6 hxg6 20. Qe2 Nh5 21. Bxe7 Nf4 22. Qd2 Nxd3 23. Qxd3 Nxe7 24. Ne5 Nf5 25. g3 Rb8 26. Kg2 b5 27. h4 a5 28. Rh1 b4 29. cxb4 axb4 30. a4 Ra8 31. g4 Nd6 32. h5 gxh5 33. Rxh5 Ne4 34. Rh8+ Kxh8 35. Rh1+ Kg8 36. Qh3 Kf8 37. Qh8+ Ke7 38. Qxg7 Nd6 39. Qg5+ f6 40. Rh7+ Kd8 41. Qxf6+ Kc8 42. Rxc7+ Kxc7 43. Qg7+ Kb6 44. Qd7 Nb7 45. Qb5+ Kc7 46. Qc6+ 1-0

[Event "YUG-chT"]
[Site "Nis"]
[Date "1994.??.??"]
[Round "?"]
[White "Jovanovski, Slobodan"]
[Black "Maksimovic, Branimir"]
[Result "0-1"]
[WhiteElo "2145"]
[BlackElo "2370"]
[PlyCount "66"]
[EventDate "1994.10.??"]
[EventType "team-tourn"]
[EventRounds "11"]
[EventCountry "YUG"]
[SourceTitle "EXT 1997"]
[Source "ChessBase"]
[SourceDate "1996.11.15"]
[SourceVersion "1"]
[SourceVersionDate "1996.11.15"]
[SourceQuality "1"]

1. c4 e6 2. Nf3 d5 3. b3 Nf6 4. Bb2 c5 5. g3 Nc6 6. Bg2 d4 7. d3 e5 8. 0-0 Be7 9. Na3 0-0 10. Nc2 Bf5 11. Nd2 Qd7 12. a3 a5 13. Ne4 Nxe4 14. dxe4 Bh3 15. Ne1 a4 16. Nd3 Bxg2 17. Kxg2 f5 18. exf5 e4 19. Nf4 Rxf5 20. Nd5 Rh5 21. Nxe7+ Nxe7 22. h4 Rxh4 23. Rh1 Rxh1 24. Qxh1 axb3 25. Qh4 Qe6 26. Rh1 h6 27. Qh5 Qf5 28. g4 Qxh5 29. Rxh5 b6 30. Rh3 Ra4 31. Rxb3 Nc8 32. Bxd4 cxd4 33. c5 Ra6 0-1